Examen de los escritos autobiográficos de navegantes y conquistadores españoles en América (Record no. 143416)
[ view plain ]
| 000 -LEADER | |
|---|---|
| campo de control de longitud fija | 01198nam a2200265 i 4500 |
| 001 - NÚMERO DE CONTROL | |
| campo de control | 143416 |
| 003 - IDENTIFICADOR DE NÚMERO DE CONTROL | |
| campo de control | ES-MaACL |
| 005 - FECHA Y HORA DE LA ÚLTIMA TRANSACCIÓN | |
| campo de control | 20250915063055.0 |
| 007 - CAMPO FIJO DE DESCRIPCIÓN FÍSICA--INFORMACIÓN GENERAL | |
| campo de control de longitud fija | t| |
| 008 - DATOS DE LONGITUD FIJA--INFORMACIÓN GENERAL | |
| campo de control de longitud fija | 070214s1905 sp r ||||1| spa d |
| 080 ## - NÚMERO DE LA CLASIFICACIÓN DECIMAL UNIVERSAL | |
| Número de la Clasificación Decimal Universal | 821.134.2-94.09"15/16"(043.2) |
| 080 ## - NÚMERO DE LA CLASIFICACIÓN DECIMAL UNIVERSAL | |
| Número de la Clasificación Decimal Universal | 910.4(7/8)"14/15"(043.2) |
| 100 1# - ENTRADA PRINCIPAL--NOMBRE DE PERSONA | |
| Nombre de persona | Serrano y Sanz, Manuel, |
| Fechas asociadas al nombre | 1868-1932 |
| 9 (RLIN) | 105809 |
| 245 10 - MENCIÓN DEL TÍTULO | |
| Título | Examen de los escritos autobiográficos de navegantes y conquistadores españoles en América |
| Resto del título | : tesis presentada para obtener el grado de Doctor en la Facultad de Filosofía y Letras / |
| Mención de responsabilidad, etc. | por Manuel Serrano y Sanz. |
| 260 ## - PUBLICACIÓN, DISTRIBUCIÓN, ETC. | |
| Lugar de publicación, distribución, etc. | Madrid : |
| Nombre del editor, distribuidor, etc. | [s. n.], |
| Fecha de publicación, distribución, etc. | 1905 ( |
| Fabricante | Tip. de la Revista de Archivos) |
| 300 ## - DESCRIPCIÓN FÍSICA | |
| Extensión | 41 p. ; |
| Dimensiones | 24 cm. |
| 502 ## - NOTA DE TESIS | |
| Nota de tesis | Tesis--Universidad Central (Madrid), 1905. |
| 530 ## - NOTA DISPONIBLE DE FORMULARIO FÍSICO ADICIONAL | |
| Nota de formato físico adicional disponible | Disponible en formato digital. |
| 650 #4 - PUNTO DE ACCESO ADICIONAL DE MATERIA--TÉRMINO DE MATERIA | |
| Término de materia o nombre geográfico como elemento de entrada | Autobiografía española- |
| Subdivisión cronológica | S.XVI-XVII. |
| 9 (RLIN) | 155643 |
| 651 #4 - PUNTO DE ACCESO ADICIONAL DE MATERIA--NOMBRE GEOGRÁFICO | |
| Nombre geográfico | América- |
| Subdivisión general | Descubrimientos y exploraciones- |
| -- | Españoles. |
| 9 (RLIN) | 138324 |
| 710 2# - ENTRADA AGREGADA--NOMBRE DE ENTIDAD CORPORATIVA | |
| Nombre de entidad corporativa o nombre de jurisdicción como elemento de entrada | Universidad Central (Madrid). |
| Unidad subordinada | Facultad de Filosofía y Letras. |
| 9 (RLIN) | 7092 |
| 852 ## - LOCALIZACIÓN | |
| Ubicación | ES-MaACL |
| Número de control de estantería | T-1039-F-11 |
| 856 ## - LOCALIZACIÓN Y ACCESO ELECTRÓNICOS | |
| Identificador Uniforme de Recursos | <a href="http://bdh-rd.bne.es/viewer.vm?id=0000133363&page=1 ">http://bdh-rd.bne.es/viewer.vm?id=0000133363&page=1 </a> |
| Nota pública | Biblioteca Digital Hispánica |
| Estatus retirado | Estado de pérdida | Estado de daño | No para préstamo | Colección | Biblioteca de origen | Biblioteca actual | Ubicación en estantería | Fecha de adquisición | Fuente de adquisición | Total de préstamos | Signatura topográfica completa | Código de barras | Visto por última vez | Precio de reemplazo | Tipo de ítem Koha |
|---|---|---|---|---|---|---|---|---|---|---|---|---|---|---|---|
| Colección de folletos | Biblioteca del Ateneo de Madrid | Biblioteca del Ateneo de Madrid | Depósito folletos | 17/01/2008 | T-1039-F-11 | 1149213 | 23/02/2023 | 23/02/2023 | Folleto |
